[Event "Tbilisi FIDE GP"]
[Site "Tbilisi"]
[Date "2015.02.16"]
[Round "2"]
[White "Mamedyarov, Shakhriyar"]
[Black "Kasimdzhanov, Rustam"]
[Result "0-1"]
[WhiteElo "2759"]
[BlackElo "2705"]
[Annotator "Ramirez Alvarez,A"]
[PlyCount "80"]
[EventDate "2015.02.15"]
[EventType "tourn"]
[EventRounds "11"]
[EventCountry "GEO"]
[EventCategory "20"]
[SourceTitle "CBM 165"]
[Source "ChessBase"]
[SourceDate "2015.03.11"]
[SourceVersion "1"]
[SourceVersionDate "2015.03.11"]
[SourceQuality "1"]

1. c4 c6 2. b3 d5 3. Bb2 Bf5 4. Nf3 Nf6 5. d3 h6 6. Nbd2 e6 7. h3 {A plan that
might be more becoming of Jobava; this idea of quick expansion on the kingside
will leave White's king without a place to castle.} Nbd7 8. g4 Bg6 9. Rg1 Bc5
10. Qc2 Qe7 11. a3 a5 12. e3 e5 13. Nh4 Bh7 14. Nf5 Bxf5 15. gxf5 d4 16. e4 Nh5
{White obtained an open g-file and he has the pair of bishops, though they are
currently rather useless. The position is still about level. Black will have a
strong knight on f4, but it will not be so easy to reinforce.} 17. Qd1 Ndf6 18.
Be2 Nf4 19. Rxg7 O-O-O 20. Bf1 {White is up a pawn, compensated by the
domination in the dark squares for Black. Here Kasimdzhanov starts a great
plan to bring his pieces into action.} Nh7 $1 21. Rg3 (21. b4 $5 {
Counterattackin on the queenside makes sense - White would give up a pawn
simply to open lines for his rook and queen. The reason that this makes sense
is that, after all, White is already up a pawn- but he can't do anything with
it!} axb4 22. Qb3 $1 $13) 21... Ng5 22. Nf3 Nh5 23. Rg4 Nf6 24. Rg1 Ngxe4 $5 {
What a move! The compensation from the pieces will stem from the ability of
Black to push his central pawns and expose the uncastled king on e1. Perhaps
there is a defense to contain this aggression, but it is hard to find over the
board; Black has very concrete threats.} (24... Nxf3+ 25. Qxf3 {gives Black
compensation, but it doens't seem as if he has made much progress on the past
few moves.}) 25. dxe4 Nxe4 26. Qe2 (26. Nd2 Nxf2 $5 27. f6 $3 (27. Kxf2 d3+ 28.
Kg2 Rhg8+) 27... Qe6 $1 (27... Qxf6 28. Qf3 Qxf3 29. Nxf3 $16 {here the piece
is more valuable than the pawns.}) 28. Qf3 $13 {just gives you an idae of how
messy this position is.}) 26... Nc3 27. Bxc3 dxc3 {The pawns are not connected
any more, but a3 is hanging and White's development is seriously suffering.}
28. Rg4 Bxa3 29. Bg2 Bb4 30. Kf1 Rhe8 31. Re4 $1 {Mamedyarov shows great
creativity with his development. The rook has made it to the center, even if
it is in the most unusual way! Black still has comepnsation, especially since
he can now try to take on f5, but White has his own chances.} Qf6 32. Rc1 Qxf5
33. Nxe5 $6 {This is too optimistic, however!} Rd2 $1 34. Qe3 Red8 (34... c2 $1
{was also good, threatening Rd1+. For example:} 35. Nxc6 Rd1+ 36. Ke2 Qh5+ $1
37. Bf3 Rd2+ $1 38. Ke1 (38. Qxd2 Rxe4+ $19) 38... Rxe4 39. Qxe4 Rd4+ 40. Nxb4
Rxe4+ $19) 35. Qf3 Qxf3 36. Bxf3 (36. Nxf3 Rd1+ 37. Re1 c2 38. Rxc2 Bxe1 39.
Nxe1 Re8 $1 40. Re2 Rxe2 41. Kxe2 Rb1 {is a very gloomy, if not completely
lost, endgame.}) 36... c2 {White is up a piece, true, but he has no way of
stopping the c-pawn from advancing. He has to give up a full rook and Black
will be up a serious amount of material.} 37. Kg2 Rg8+ 38. Kf1 Rgd8 39. Kg2 Ba3
40. Ree1 Re8 {White cannot hold his position together anymore.} 0-1

[Event "Tbilisi FIDE GP"]
[Site "Tbilisi"]
[Date "2015.02.20"]
[Round "5"]
[White "Kasimdzhanov, Rustam"]
[Black "Svidler, Peter"]
[Result "1-0"]
[WhiteElo "2705"]
[BlackElo "2739"]
[Annotator "CB"]
[PlyCount "57"]
[EventDate "2015.02.15"]
[EventType "tourn"]
[EventRounds "11"]
[EventCountry "GEO"]
[EventCategory "20"]
[SourceTitle "CBM 165"]
[Source "ChessBase"]
[SourceDate "2015.03.11"]
[SourceVersion "1"]
[SourceVersionDate "2015.03.11"]
[SourceQuality "1"]

1. d4 Nf6 2. c4 g6 3. Nc3 d5 4. cxd5 Nxd5 5. Bd2 Nb6 6. e3 Bg7 7. f4 {An
interesting and recent approach to battling the Grunfeld. White prevents e5 at
all costs, but he is of course still vulnerable to c5.} O-O 8. Nf3 Bg4 9. h3
Bxf3 10. Qxf3 N8d7 11. O-O-O $5 {An intersting decision. This allows White to
play a quick h4-h5 to attack the kingside if he wants, so it pushes Black to
activate his pieces immediately.} e6 12. Kb1 c5 13. dxc5 Nxc5 14. e4 Qe7 15.
Be2 Rad8 16. Rhe1 Rd4 17. e5 f6 $1 {Of course Black has to keep creating
threats.} 18. Nb5 Rd5 19. Bb4 fxe5 20. Qa3 $1 {A nice sacrifice. White has
multiple threats, especially on the a3-f8 diagonal, and Black has to be
careful of opening the center too quickly as well as the a7 pawn.} Nbd7 21. Bg4
Rxf4 $6 (21... Rxd1+ 22. Rxd1 h5 23. Bf3 exf4 24. Nd6 $13) 22. Rxd5 exd5 23.
Nc3 {Black's center cannot be held. The threat is Bxd7.} (23. Bxd7 {doesn't
work yet} Qxd7 24. Bxc5 Qxb5 {this is why Kasimdzhanov moved his knight.})
23... Rf7 $2 {This, though, is a serious mistake.} (23... Rc4 $1 24. Nxd5 Qf7 {
now the knight on c5 is defended} 25. Ne3 Rxb4 26. Qxb4 Nd3 27. Qxb7 Nxe1 28.
Bxd7 $14) 24. Nxd5 Qd6 25. Rd1 b6 26. Qxa7 {Now Black is very tied down and he
cannot hold all of his pieces together.} e4 27. Bxd7 e3 {desperation} (27...
Rxd7 28. Bxc5 bxc5 29. Qxd7 Qxd7 30. Nf6+ $18) 28. Nxe3 $1 Qe5 (28... Rxd7 29.
Rxd6 Rxa7 30. Nc4 {was also hopeless.}) 29. Qa8+ (29. Qa8+ Rf8 30. Qd5+ {
forces the trade of queens and White remains up a piece.}) 1-0